Laṅkāvē dēśapālana pakṣa kramaya. (Record no. 85518)

MARC details
000 -LEADER
fixed length control field 00640cam a22002411 4500
001 - CONTROL NUMBER
control field sa 68014033
003 - CONTROL NUMBER IDENTIFIER
control field DLC
005 - DATE AND TIME OF LATEST TRANSACTION
control field 20260227112628.0
008 - FIXED-LENGTH DATA ELEMENTS--GENERAL INFORMATION
fixed length control field 890919s1965 ce 000 0 sino
010 ## - LIBRARY OF CONGRESS CONTROL NUMBER
LC control number sa 68014033
035 ## - SYSTEM CONTROL NUMBER
System control number (OCoLC)20367491
040 ## - CATALOGING SOURCE
Original cataloging agency DLC
Transcribing agency WaU
Modifying agency DLC
042 ## - AUTHENTICATION CODE
Authentication code premarc
043 ## - GEOGRAPHIC AREA CODE
Geographic area code a-ce---
050 00 - LIBRARY OF CONGRESS CALL NUMBER
Classification number JQ659.A795
Item number P4
100 1# - MAIN ENTRY--PERSONAL NAME
Personal name Perera, B. C.
Fuller form of name (Bulathsinhalage Cyril),
Dates associated with a name 1938-
245 10 - TITLE STATEMENT
Title Laṅkāvē dēśapālana pakṣa kramaya.
260 ## - PUBLICATION, DISTRIBUTION, ETC.
Date of publication, distribution, etc. [1965]
300 ## - PHYSICAL DESCRIPTION
Extent 135 p.
Dimensions 19 cm.
500 ## - GENERAL NOTE
General note In Sinhalese.
650 #0 - SUBJECT ADDED ENTRY--TOPICAL TERM
Topical term or geographic name entry element Political parties
Geographic subdivision Sri Lanka.
700 1# - ADDED ENTRY--PERSONAL NAME
Personal name Fernando, B. J. Philip.

No items available.

Powered by Koha